Imágenes mexicanas para piano /

Salvato in:
Dettagli Bibliografici
Autore principale: Cruzprieto, Alberto (ejecución musical)
Altri autori: Rolón, José (música) (música), Gutiérrez Heras, Joaquín (música) (música), Bernal Jiménez, Miguel (música) (música), Urreta, Alicia (música) (música), Ortiz, Gabriela (música) (música), Ponce, Manuel M. (música) (música), Lavista, Mario (música) (música), Hernández Moncada, Eduardo (música) (música), Moncayo, José Pablo (música) (música), Miranda, Ricardo (texto del folleto y traducción) (texto del folleto y traducción)
Natura: Reg. sonora musicale
Soggetti:
Tags: Aggiungi Tag
Nessun Tag, puoi essere il primo ad aggiungerne!!

MARC

LEADER 00000njm^a2200000^a^4500
001 000264958
005 20251020000000.0
009 20260310110702.953
037 |a Acervo ITESO - Biblioteca 
041 |a SON 
082 |a 789. 1410972  |b CRU 
100 |a Cruzprieto, Alberto  |e (ejecución musical) 
240 1 1 |a [Tres danzas indígenas jaliscienses, Danza indígena Nº 1] 
240 1 1 |a [Tres danzas indígenas jaliscienses, Danza indígena Nº 2] 
240 1 1 |a [Tres danzas indígenas jaliscienses, Danza indígena Nº 3] 
240 1 1 |a [Variaciones sobre una canción francesa] 
240 1 1 |a [Volantín] 
240 1 1 |a [Danza maya] 
240 1 1 |a [Noche, de Miguel Bernal Jiménez] 
240 1 1 |a [Huarache] 
240 1 1 |a [Sandunga] 
240 1 1 |a [Pordioseros] 
240 1 1 |a [Hechicería] 
240 1 1 |a [Parangaricutirimícuaro] 
240 1 1 |a [Salmoda Nº 1, de Alicia Urreta] 
240 1 1 |a [Parios serenos] 
240 1 1 |a [Danza mexicana, de Manuel M. Ponce] 
240 1 1 |a [Simurg] 
240 1 1 |a [Costeña] 
240 1 1 |a [Muros verdes] 
245 1 0 |a Imágenes mexicanas para piano /  |c Piano A. Cruzprieto ; texto del folleto y tr. por R. Miranda ; tr. por Matthew P. Schubring. 
264 |a México :  |b Quindecim Recordings :  |b CONACULTA :  |b Instituto Nacional de Bellas Artes, 
300 |a 1 disco compacto sonoro (64 min.) +  |e 1 folleto (12 p.) 
336 |a música interpretada  |b prm  |2 rdacontenido 
337 |a audio  |b s  |2 rdamedio 
338 |a disco sonoro  |b sd  |2 rdasoporte 
546 |a Edición bilingüe español-inglés (folleto) 
649 |a XX 
650 |a Músicos Mexicanos 
650 |a Artistas Mexicanos 
650 |a Piano -  |z México 
650 |a Instrumentos Musicales -  |z México 
650 |a Música de Cámara -  |z México 
650 |a Música de Concierto -  |z México 
650 |a Música Mexicana -  |x Intérpretes Mexicanos 
650 |a Música Mexicana -  |y Siglo XX 
700 |a Rolón, José  |e (música) 
700 |a Gutiérrez Heras, Joaquín  |e (música) 
700 |a Bernal Jiménez, Miguel  |e (música) 
700 |a Urreta, Alicia  |e (música) 
700 |a Ortiz, Gabriela  |e (música) 
700 |a Ponce, Manuel M.  |e (música) 
700 |a Lavista, Mario  |e (música) 
700 |a Hernández Moncada, Eduardo  |e (música) 
700 |a Moncayo, José Pablo  |e (música) 
700 |a Miranda, Ricardo  |e (texto del folleto y traducción) 
910 |a Fondo General 
920 |a Sonoros - CDs 
940 |a CDs de Música 
905 |a 401 
901 |a 0500148532  |b IT2  |c CDM  |u 20250521 
901 |a 0500148540  |b IT2  |c MIM  |u 20251020 
902 |a https://opac.biblio.iteso.mx/vufind/Record/000264958